000 00855nam a2200229 a 4500
001 57060
003 BD-RjUL
005 20211209080450.0
008 161205s2005 bg ||||| |||| 00| 0 bg d
020 _c: TK 160.0
035 _a(BD-RjUL)57184
040 _aBD-RjUL
_bben
_cBD-RjUL
041 _aben
082 _223
_a297.63
_bKAM 2005
100 _aকাসেম, মোঃ আবুল
_9169519
245 1 0 _aমানবশ্রেষ্ঠ হযরত মুহাম্মদ (স.)
_cমোঃ আবুল কাসেম
260 _aরাজশাহী :
_bহোসনে আরা,
_c২০০৫
300 _a২৫৬ পৃ. ;
_c২৩ সেমি.
600 _aমুহাম্মদ, হযরত (সা)
_d৫৭০-৬৩২
_9169522
600 _aMuhammad, Hazarat (sm)
_d570-632
_9169523
942 _2ddc
_cBK
999 _c57060
_d57060